|
|
|
|
| LEADER |
00000nam a2200000 a 4500 |
| 001 |
vtls008159066 |
| 003 |
SK-MaSNL |
| 005 |
20260302074028.0 |
| 008 |
160610s2005 xo g f 000 0 slo |
| 015 |
|
|
|a SNBA2005/11-04297
|
| 020 |
|
|
|a 8088928664 (brož.)
|
| 035 |
|
|
|a 7B785ACC-13F2-4E6B-9129-C314926DEC80
|
| 035 |
|
|
|a urn:nbn:sk:snk-aml3na
|
| 035 |
|
|
|a urn:nbn:sk:snk-am008k7h
|
| 040 |
|
|
|a SNK
|b slo
|c SNK
|e AACR2
|
| 041 |
0 |
|
|a slo
|
| 044 |
|
|
|a xo
|c SK
|
| 072 |
|
7 |
|a 378
|x Vysoké školy
|2 konspekt
|
| 080 |
|
|
|a 371.217.42
|2 MDT-MRF
|
| 080 |
|
|
|a 06.024:005.591
|2 MDT-MRF
|
| 080 |
|
|
|a (4)
|2 MDT-MRF
|
| 080 |
|
|
|a (035)
|2 MDT-MRF
|
| 080 |
|
|
|a 378.248
|2 MDT-MRF
|
| 080 |
|
|
|a 005.963.3
|2 MDT-MRF
|
| 080 |
|
|
|a 371.217.4
|2 MDT-MRF
|
| 245 |
0 |
0 |
|a Mobility, štipendiá a granty
|c [zostavili: Ján Chlup ... [et al.]]
|
| 250 |
|
|
|a [1. vyd.]
|
| 260 |
|
|
|a Bratislava
|b Saia
|c 2005
|
| 300 |
|
|
|a 73 s.
|c 21 cm
|
| 650 |
0 |
7 |
|a podpora vzdelávania
|2 SNKPH
|9 71428
|
| 650 |
0 |
7 |
|a štipendiá
|2 SNKPH
|9 23008
|
| 650 |
0 |
7 |
|a grantové programy
|z krajiny Európskej únie
|2 SNKPH
|9 739158
|
| 650 |
0 |
7 |
|a doktorandské štúdium
|2 SNKPH
|9 4043
|
| 650 |
0 |
7 |
|a stáže
|2 SNKPH
|9 59655
|
| 655 |
|
7 |
|a príručky
|2 SNKPH
|9 74364
|
| 700 |
1 |
|
|a Chlup, Ján
|4 com
|9 267747
|
| 700 |
1 |
|
|a Košťálová, Katarína,
|d 1954-
|4 com
|9 103020
|
| 700 |
1 |
|
|a Kotuličová, Silvia,
|d 1975-
|4 com
|9 48035
|
| 700 |
1 |
|
|a Šubeníková, Oľga,
|d 1951-
|4 com
|9 102638
|
| 919 |
|
|
|a 80-88928-66-4
|
| 958 |
|
|
|a OND
|
| 968 |
|
|
|d 37
|
| 999 |
|
|
|c 1163314
|d 1165244
|
| 952 |
|
|
|a SNK
|b SNK
|y PREZ
|7 0
|p 17A0472274
|o snkSC 120365
|i snk2005/9873
|8 0
|0 0
|1 0
|4 0
|d 2005-06-08
|f 1
|l 0
|r 2025-05-29 00:00:00
|w 2026-02-24
|
| 952 |
|
|
|a SNK
|b SNK
|y VYP
|7 0
|p 17A0472275
|o snkSC 120365 D1
|i snk2005/9874
|8 0
|0 0
|1 0
|4 0
|d 2005-06-08
|l 0
|r 2026-02-24 20:40:06
|w 2026-02-24
|